000 00510nam a2200181Ia 4500
003 GCL
008 140319s9999 xx 000 0 eng d
040 _aGCL /
_cGCL
082 0 4 _a956.9442
_bN J
100 1 _aNEHER - BERNHAM, RENEE
245 1 0 _aJERUSALEM TROIS MILLENAIRES D'HISTOIRE /
_cNEHER - BERNHAM, RENEE
260 _a[S.N] :
_bALBIN MICHEL, S.A ،
_c1997
300 _a228 P
650 0 4 _aJERUSALEM - HISTORY
650 0 4 _aJERUSALEM, PALESTINE - HISTORY
650 0 4 _aHISTORY
942 _2ddc
_cBK
999 _c16361
_d16361